[Event "GER-chT School WK GS"]
[Site "Playchess.com INT"]
[Date "2020.06.18"]
[Round "5.1"]
[White "Arne, Jonas"]
[Black "Duc, Anh Bu"]
[Result "0-1"]
[WhiteElo "1640"]
[BlackElo "1761"]
[PlyCount "98"]
[EventDate "2020.06.11"]
[EventType "team-swiss (blitz)"]
[EventRounds "7"]
[EventCountry "GER"]
[SourceTitle "EXT 2021"]
[Source "ChessBase"]
[SourceDate "2020.10.23"]
[SourceVersion "1"]
[SourceVersionDate "2020.10.23"]
[SourceQuality "1"]
[WhiteTeam "Pestalozzi RP"]
[BlackTeam "Berlin Rotation"]
[WhiteTeamCountry "GER"]
[BlackTeamCountry "GER"]

1. e4 c5 2. d4 cxd4 3. c3 d6 4. cxd4 g6 5. Nf3 Bg7 6. Nc3 Bd7 7. Bc4 Nc6 8. Be3 h6 9. Qb3 e6 10. Qc2 Nge7 11. 0-0 0-0 12. Nb5 Be8 13. Qd2 Kh7 14. Rfd1 a6 15. Nc3 b5 16. Bb3 d5 17. e5 Nf5 18. Bc2 Nxe3 19. Qxe3 Nb4 20. Bb1 Bd7 21. a3 Nc6 22. b4 Qe7 23. Bc2 f6 24. Nb1 f5 25. Nbd2 a5 26. bxa5 Nxa5 27. Bd3 Nc4 28. Bxc4 bxc4 29. Rdb1 Rfb8 30. Rxb8 Rxb8 31. a4 Rb2 32. Qc3 Qb4 33. Qxb4 Rxb4 34. a5 Rb8 35. a6 Ra8 36. a7 Bf8 37. Nb1 Be7 38. Nc3 Bd8 39. Ra6 Bc8 40. Ra3 Bb6 41. Nb5 Bd7 42. Ra6 Bxb5 43. Rxb6 Rxa7 44. Kf1 c3+ 45. Ke1 Bd3 46. Nd2 cxd2+ 47. Kxd2 Be4 48. Rxe6 Bxg2 49. Kc3 Ra3+ 0-1

[Event "GER-chT School WK GS"]
[Site "Playchess.com INT"]
[Date "2020.06.18"]
[Round "4.1"]
[White "Sewerinov, Alexander"]
[Black "Duc, Anh Bu"]
[Result "0-1"]
[WhiteElo "1639"]
[BlackElo "1761"]
[PlyCount "118"]
[EventDate "2020.06.11"]
[EventType "team-swiss (blitz)"]
[EventRounds "7"]
[EventCountry "GER"]
[SourceTitle "EXT 2021"]
[Source "ChessBase"]
[SourceDate "2020.10.23"]
[SourceVersion "1"]
[SourceVersionDate "2020.10.23"]
[SourceQuality "1"]
[WhiteTeam "Hannover Wasserk NI"]
[BlackTeam "Berlin Rotation"]
[WhiteTeamCountry "GER"]
[BlackTeamCountry "GER"]

1. e4 c5 2. Nf3 d6 3. d4 cxd4 4. Nxd4 g6 5. Nc3 Bg7 6. Be3 Nf6 7. f3 0-0 8. Qd2 Nc6 9. Bc4 Bd7 10. 0-0-0 a6 11. h4 b5 12. Bb3 b4 13. Nce2 a5 14. Nxc6 Bxc6 15. Nd4 Qd7 16. g4 a4 17. Bc4 a3 18. b3 Rab8 19. Bh6 Rfc8 20. Bxg7 Kxg7 21. h5 d5 22. exd5 Bxd5 23. Bxd5 Nxd5 24. hxg6 Nf6 25. Qh6+ Kh8 26. g5 fxg6 27. gxf6 exf6 28. Qxg6 Qg7 29. Qxg7+ Kxg7 30. Rdg1+ Kh8 31. Nf5 Rg8 32. Rxg8+ Kxg8 33. Nh6+ Kh8 34. Nf7+ Kg7 35. Nd6 Rd8 36. Ne4 f5 37. Ng5 Re8 38. f4 h6 39. Nf3 Re4 40. Rg1+ Kh7 41. Nh4 Rxf4 42. Ng6 Rg4 43. Rxg4 fxg4 44. Kd2 Kxg6 45. Ke2 Kg5 46. Kf2 h5 47. Kg3 h4+ 48. Kg2 Kf4 49. Kf2 g3+ 50. Kg2 h3+ 51. Kg1 Kf3 52. Kh1 g2+ 53. Kh2 Kf2 54. Kxh3 g1Q 55. Kh4 Kf3 56. Kh5 Kf4 57. Kh6 Kf5 58. Kh7 Kf6 59. Kh8 Qg7# 0-1